Statistics for Countries of Asia in 90 Seconds

Click here to take the quiz!

General Stats

  • This quiz has been taken 195 times
  • The average score is 36 of 48

Answers on the Map

Answers color-coded by a green-red scale on the quiz's map according to % correct below.
 

Answer Stats

country% Correct
China
99%
India
94%
Iran
92%
Iraq
88%
Japan
88%
Turkey
88%
Pakistan
87%
Kazakhstan
86%
Oman
86%
Vietnam
86%
Thailand
85%
Nepal
83%
Saudi Arabia
83%
Indonesia
82%
Israel
82%
Mongolia
82%
Syria
82%
Yemen
82%
Afghanistan
79%
Bhutan
79%
United Arab
Emirates
79%
Laos
76%
Georgia
74%
Jordan
74%
Armenia
73%
Myanmar
73%
Philippines
73%
South Korea
73%
Cambodia
72%
Lebanon
72%
Malaysia
72%
Taiwan
72%
North Korea
71%
Qatar
71%
Sri Lanka
71%
Azerbaijan
69%
Singapore
68%
Kuwait
67%
Turkmenistan
67%
Bangladesh
65%
Uzbekistan
64%
Bahrain
63%
Tajikistan
63%
Cyprus
60%
Kyrgyzstan
58%
Brunei
56%
Timor-Leste
56%
Maldives
49%

Score Distribution

Percentile by Number Answered

Percent of People with Each Score

Your Score History

You have not taken this quiz